Представление документа в формате RUSMARC

ПолеНазваниеЗначение
  Тип записи a
  Библиографический уровень a
001 Контрольный номер RU/CBS_UL/BASE/5536feb52ad648d78404fa7da756d267
005 Дата корректировки 20260417103239.4
100 Данные общей обработки __
a Данные общей обработки 20260417 ||| 0rusy0189 ca
101 Язык документа 0_
a Язык текста rus
102 Страна публикации __
a Страна публикации RU
200 Заглавие и сведения об ответственности 1_
a Заглавие Пополняя баки
e Сведения, относящиеся к заглавию [отработка системы дозаправки топливом на самолётах ОКБ Сухого]
f Первые сведения об ответственности П. Плунский
300 Общие примечания __
a Общие примечания 16+
461 Уровень набора _0
1 2000
a Взлет
463 Уровень физической единицы _0
1 2000
a № 7-8
v С. 16-19 : фото
1 2101
d 2025
1 001RU/CBS_UL/BASE/71135b3af2cc457cbe5018879bad52d4
606 Тематические рубрики 0_
a Основная рубрика Самолёты-заправщики
610 Ключевые слова 0_
a Ключевые слова самолёты
610 Ключевые слова 0_
a Ключевые слова дозаправки самолётов в воздухе
610 Ключевые слова 0_
a Ключевые слова дозаправки топливом в полёте
610 Ключевые слова 0_
a Ключевые слова самолёты-заправщики
610 Ключевые слова 0_
a Ключевые слова беспосадочные перелёты
610 Ключевые слова 0_
a Ключевые слова ОКБ Сухого
686 Индексы других классификаций __
2 Код системы rubbk
a Классификационный индекс 68.521.11
700 Автор _1
a Фамилия Плунский
b Имя (инициалы) П.
801 Источник записи _0
a Страна RU
b Организация МБУК ЦБС г. Ульяновска
c Дата составления 20260417
g Правила каталогизации RCR
801 Источник записи _1
a Страна RU
b Организация МБУК ЦБС г. Ульяновска
c Дата составления 20260417
g Правила каталогизации RCR
901 Тип документа __
t Тип документа b
w Контрольный № источника RU/CBS_UL/BASE/71135b3af2cc457cbe5018879bad52d4
909 Создатель записи __
a Создатель записи lib2